000 00770cam a22002653a 4500
001 1411
003 PGUSA
005 20140828083000.0
008 040802s2004||||xxu|||||s|||||000 1 eng d
040 _aPGUSA
_beng
042 _adc
050 4 _aPQ
100 1 _aBalzac, Honoré de,
_d1799-1850
245 1 0 _aDomestic Peace
_h[electronic resource] /
_cHonoré de Balzac
260 _bProject Gutenberg,
_c2004
500 _aTranslation of: La paix de menage
506 _aPublic domain in the USA.
516 _aElectronic text
653 _aFrench fiction -- Translations into English
700 1 _aBell, Clara,
_d1834-1927
700 1 _aMarriage, Ellen
830 0 _aProject Gutenberg
_v1411
856 4 0 _uhttp://www.gutenberg.org/ebooks/1411
942 _cEB
999 _c230759
_d230759